000 00485nam a2200217Ia 4500
003 0100
008 130303s9999 xx 000 0 und d
020 _a582018994
040 _cARRUPELIB
050 _aDG552.8.C3H42 1994
100 _aHearder, Harry
245 _aCavour
260 _aLondon
260 _bLongman
260 _C1994
300 _aix
300 _b 227p. 23cm.
440 _aProfiles in power (London, England)
700 _aHarry Hearder
942 0 0 _01
999 _c12772
_d12772